Young man: (Record no. 4491)
[ view plain ]
| 000 -LEADER | |
|---|---|
| fixed length control field | 00462nam a22001697a 4500 |
| 005 - DATE AND TIME OF LATEST TRANSACTION | |
| control field | 20250303154249.0 |
| 008 - FIXED-LENGTH DATA ELEMENTS--GENERAL INFORMATION | |
| fixed length control field | 250303b |||||||| |||| 00| 0 eng d |
| 020 ## - INTERNATIONAL STANDARD BOOK NUMBER | |
| International Standard Book Number | 9781873796641 |
| 050 ## - LIBRARY OF CONGRESS CALL NUMBER | |
| Classification number | BV 4527 GAL |
| Item number | 1 |
| 100 ## - MAIN ENTRY--PERSONAL NAME | |
| Personal name | GALLAGHER, Jonathan |
| 245 ## - TITLE STATEMENT | |
| Title | Young man: |
| Remainder of title | A young man's guide to teenage sexuality |
| 260 ## - PUBLICATION, DISTRIBUTION, ETC. | |
| Place of publication, distribution, etc. | England |
| Name of publisher, distributor, etc. | Autumn house Publishing |
| Date of publication, distribution, etc. | 1997c |
| 300 ## - PHYSICAL DESCRIPTION | |
| Extent | 184p |
| 500 ## - GENERAL NOTE | |
| General note | index,pic. |
| 700 ## - ADDED ENTRY--PERSONAL NAME | |
| Personal name | GALLAGER, Ana |
| 942 ## - ADDED ENTRY ELEMENTS (KOHA) | |
| Source of classification or shelving scheme | Library of Congress Classification |
| Koha item type | Books |
| Suppress in OPAC | No |
| 999 ## - | |
| -- | 4491 |
| -- | 4491 |
| Withdrawn status | Lost status | Source of classification or shelving scheme | Damaged status | Not for loan | Collection | Home library | Current library | Shelving location | Date acquired | Total checkouts | Full call number | Barcode | Date last seen | Copy number | Price effective from | Koha item type |
|---|---|---|---|---|---|---|---|---|---|---|---|---|---|---|---|---|
| Library of Congress Classification | Non-fiction | Graduate Library (Christ Temple) | Graduate Library (Christ Temple) | General stacks | 03/03/2025 | BV 4527 GAL | GSCT00000583 | 03/03/2025 | 1 | 03/03/2025 | Books |